Kyiv - Choix multiples - Statistiques

Statistiques générales
  • Ce quiz a été pris 1 842 fois
    1 817 depuis la dernière actualisation
  • Le résultat moyen est 6 sur 10
Statistiques - réponses
Question Réponse % Correct
Laquelle de ces photos représente la cathédrale Sainte-Sophie de Kyiv ?
85%
Dans quel sport Vitali Klitschko, maire de Kyiv depuis 2014, a-t-il été champion du monde ? Boxe
75%
Quel fleuve traverse Kyiv? Le Dniepr
75%
Dans quelle série tournée en partie à Kyiv Volodimir Zelensky a-t-il joué en tant qu'acteur ? Serviteur du peuple
73%
Lequel de ces événements a détruit la ville de Kyiv en 1240 ? L'invasion mongole
72%
Quels objets porte la statue de la Mère-Patrie, aussi appelée "Mère Ukraine" ? Une épée et un bouclier
58%
Dans quelle partie de l'Ukraine la ville de Kyiv est-elle située ? Nord
55%
Quel mouvement de protestation a renversé le président Viktor Ianoukovitch depuis la place de l'indépendance de Kyiv en 2014 ? L'Euromaïdan
44%
Quel peuple a fondé la Rus' de Kiev, prédécesseur de l'État russe ? Les Vikings
37%
Quel plat fabriqué à Kyiv était particulièrement célèbre et distribué à travers toute l'Union Soviétique ? Le gâteau de Kyiv
22%
Aucun quiz correspondant
Distribution des résultats
% des personnes avec chaque résultat
Percentile par nombre de réponses
Votre historique - résultats
Vous n’avez pas pris ce quiz depuis la dernière actualisation